000 00964nam a2200229 a 4500
001 000003619
005 20200929150514.0
008 090711s2007 bo 000 0 spa d
040 _aDO-SdBNP
_bspa
_cBNPHU
082 _a323.6097293
_bC581
245 0 0 _aCiudadanía y derechos humanos :
_bdesafíos para la educación.
260 _aBolivia : Brasil :
_bYachay Tinkuy : Novamerica,
_c2007.
300 _a190 p. ;
_c22 cm.
500 _aIncluye notas al píe de páginas
504 _aIncluye referencias bibliográficas (P. 189-190)
650 4 _aCiudadanía
_xEstudio y enseñanza
_zBolivia
_911126
650 4 _aCiudadanía
_xEstudio y enseñanza
_zBrasil
_911127
650 4 _aCiudadanía
_xEstudio y enseñanza
_zRepública Dominicana
_911128
650 4 _aDerechos humanos
_xEstudio y enseñanza
_zBolivia
_911129
650 4 _aDerechos humanos
_xEstudio y enseñanza
_zBrasil
_911130
650 4 _aDerechos humanos
_xEstudio y enseñanza
_zRepública Dominicana
_911131
999 _c3442
_d3442